[Event "45th Olympiad 2024"]
[Site "Budapest HUN"]
[Date "2024.09.16"]
[Round "6.77"]
[Board "2"]
[White "Bridet, Robert"]
[Black "Abdelaziz Bokhit, Badjoiri"]
[Result "0-1"]
[WhiteElo "1697"]
[BlackElo "1778"]
[PlyCount "152"]
[EventDate "2024.09.11"]
[WhiteTeam "Dominica"]
[BlackTeam "Chad"]
[BlackTeamCountry "CHD"]

1. e4 e5 2. Nf3 Nc6 3. Bc4 Bc5 4. O-O Nf6 5. Nc3 d6 6. h3 h6 7. a3 a6 8. d3 O-O 9. Qe2 Qe7 ({RR} 9... Re8 10. Be3 Nd4 11. Qd1 b5 12. Ba2 Bb7 13. Nh2 d5 14. exd5 Nxd5 15. Nxd5 Bxd5 16. Bxd5 Qxd5 17. b4 Bd6 18. Re1 a5 19. c3 Nf5 20. Ng4 Nh4 21. f3 h5 22. Bf2 hxg4 23. Bxh4 gxh3 24. gxh3 {0-1 Geurts,H (1870)-Suarez Pinto,S (1947) XXXI Feria de las Flores 2024 (7.28)}) 10. Nd1 $146 ({RR} 10. Be3 Be6 11. Rad1 Rad8 12. d4 d5 13. dxc5 dxc4 14. Rxd8 Rxd8 15. Rd1 Rxd1+ 16. Qxd1 b5 17. cxb6 cxb6 18. Bxb6 Qb7 19. Na4 Nd7 20. Be3 Qb5 21. c3 Na5 22. Nb6 Nxb6 23. Qd8+ Kh7 24. Qxb6 Qxb6 {1-0 Dovgan,O-Petukhov,D (2338) UKR-ch U08 Evpatoria 2007 (1)}) ({RR} 10. b4 b5 {½-½ Devi,A-Devi,S Oceania zt (Women) 2002 (8)}) 10... Be6 11. Ne3 Bxc4 12. Nxc4 b5 13. Ne3 Bxe3 14. Bxe3 Nh5 15. c3 Nd8 16. Nh2 Qh4 17. Nf3 Qf6 18. g3 Ne6 19. Nh4 Nhf4 20. Qd2 Nxh3+ 21. Kh2 Nhg5 22. Kg2 Qd8 23. Nf5 d5 24. f3 d4 25. Bf2 c5 26. Rh1 f6 27. cxd4 Nxd4 28. Bxd4 cxd4 29. Rac1 Qd7 30. Qb4 a5 31. Qc5 Kh7 32. Qb6 Rfb8 33. Rc7 Qxf5 34. Rxg7+ Kh8 35. exf5 Rxb6 36. Rc7 Kg8 37. Rxh6 Nf7 38. Rh1 Rab8 39. Ra7 a4 40. Rc1 R6b7 41. Ra6 Rb6 42. Ra7 Nd6 43. g4 Rc8 44. Rxc8+ Nxc8 45. Ra8 Rc6 46. Rb8 Rc5 47. Kg3 Kf7 48. Rb7+ Ne7 49. Kh4 Rc2 50. Rxb5 Rd2 51. b4 Rxd3 52. Kg3 Rxa3 53. Rb7 Rb3 54. b5 a3 55. Ra7 e4 56. b6 Rxf3+ 57. Kg2 Rb3 58. b7 Rb2+ 59. Kf1 a2 60. Rxa2 Rxb7 61. Ke2 Rb3 62. Ra4 Nc6 63. Rc4 Rc3 64. Ra4 Rc2+ 65. Kd1 Rg2 66. Rc4 Ne7 67. Rxd4 Rxg4 68. Rd7 Rf4 69. Ke2 Rxf5 70. Ke3 Re5 71. Ra7 f5 72. Kf4 Kf6 73. Ra6+ Re6 74. Ra5 Ng6+ 75. Ke3 f4+ 76. Ke2 Re5 0-1

[Event "45th Olympiad 2024"]
[Site "Budapest HUN"]
[Date "2024.09.16"]
[Round "6.79"]
[Board "4"]
[White "Mahor Jr, Manuel"]
[Black "Maharaj, Yash Krishen"]
[Result "0-1"]
[WhiteElo "1759"]
[BlackElo "1847"]
[PlyCount "80"]
[EventDate "2024.09.11"]
[WhiteTeam "Palau"]
[BlackTeam "Fiji"]
[WhiteTeamCountry "PAL"]
[BlackTeamCountry "FIJ"]

1. c4 g6 2. Nc3 Bg7 3. g3 c5 4. Bg2 Nc6 5. Nf3 e5 6. d3 Nge7 7. O-O d6 8. e4 a6 ({RR} 8... h6 9. Be3 Be6 10. Nd5 Rc8 11. Rc1 Qd7 12. a3 Nd4 {½-½ Salvador,R (2461)-Sanchez,J (2463) Venice Autumn op 15th 2009 (4)}) ({RR} 8... Rb8 9. Be3 a6 10. Qd2 b5 11. Bh6 O-O 12. Nh4 Bxh6 13. Qxh6 bxc4 14. Nf3 f6 15. dxc4 Rxb2 16. Nd1 Rb8 17. Ne3 Kh8 18. Qh4 g5 19. Qh6 Qe8 20. Nxg5 fxg5 21. Qxd6 Qd8 22. Qxc5 Qd4 23. Qa3 {0-1 Iudicello,M (2116)-Giordani,L (2035) 83rd ch-ITA Semi-Final 2024 (9.22)}) 9. a4 $146 ({RR} 9. Be3 O-O 10. Qd2 Nd4 11. Rab1 Bg4 12. Ne1 b5 13. Bxd4 exd4 14. Nd5 Nxd5 15. exd5 Re8 16. f3 Bf5 17. g4 Bd7 18. b3 Qh4 19. g5 Re3 20. Nc2 Be5 {0-1 Brezmen,P (2080)-Priehoda,V (2387) CZE-chT2c 0607 2006 (5.1)}) ({RR} 9. Rb1 Rb8 10. a4 O-O 11. Ne1 Nd4 12. Be3 Bd7 13. Bxd4 cxd4 14. Nd5 b5 15. axb5 axb5 16. b3 Nxd5 17. cxd5 b4 18. Qd2 Qb6 19. h4 Rfc8 20. Kh2 Rc3 21. Bh3 Bxh3 22. Kxh3 Ra8 23. h5 Ra3 {0-1 Gonzalez Galeano,V (1729)-Aguero Centurio,A (1974) Asuncion Bobby Fischer U2000 2018 (7.3)}) 9... Rb8 10. h3 O-O 11. Bg5 f6 12. Be3 Be6 13. Ne1 Qd7 14. Kh2 Nb4 15. Nc2 Nec6 16. Nd5 Nxc2 17. Qxc2 Bxd5 18. cxd5 Ne7 19. h4 h5 20. Qd2 Kh7 21. f4 f5 22. Bh3 b5 23. axb5 Rxb5 24. Rab1 Rfb8 25. Bg2 Qc7 26. Qc2 exf4 27. Bxf4 Rxb2 28. Rxb2 Rxb2 29. Qa4 Rb6 30. Qa5 Qb7 31. Bg5 Ng8 32. exf5 Nf6 33. fxg6+ Kxg6 34. Bxf6 Bxf6 35. Be4+ Kg7 36. Qa4 Rb2+ 37. Kh3 Qb5 38. Qd1 Qe8 39. Qf3 Qe5 40. g4 Rh2# 0-1

[Event "45th Olympiad 2024"]
[Site "Budapest HUN"]
[Date "2024.09.16"]
[Round "6.80"]
[Board "2"]
[White "Abdellahi Khaled Abdellahi"]
[Black "Tsephe, Lebajoa"]
[Result "0-1"]
[WhiteElo "1894"]
[BlackElo "1900"]
[PlyCount "86"]
[EventDate "2024.09.11"]
[WhiteTeam "Mauritania"]
[BlackTeam "Lesotho"]
[WhiteTeamCountry "MAU"]
[BlackTeamCountry "LES"]

1. e4 c5 2. Nf3 d6 3. d4 cxd4 4. Nxd4 Nf6 5. Nc3 a6 6. Rg1 e5 7. Nb3 h5 8. h3 h4 9. Be3 Be6 10. Qd2 Nbd7 11. O-O-O b5 12. a3 ({RR} 12. Kb1 Rc8 13. f4 Qc7 14. f5 Bc4 15. Bd3 Nb6 16. Bg5 Be7 17. Qe2 b4 18. Bxc4 Nxc4 19. Bxf6 bxc3 20. Bxg7 Rh7 21. f6 cxb2 22. Qd2 Nxd2+ 23. Rxd2 Bf8 24. Bxf8 Kxf8 25. Rgd1 Rh6 26. Rxd6 Qxc2# {0-1 Sherali Pattnaik (2029)-Mammadzada,G (2441) WSCC Speed Play-In 1 2024 (1)}) 12... Qb8 $146 ({RR} 12... Be7 13. Kb1 Qc7 14. f4 Nb6 15. Na5 Na4 16. Nxa4 Nxe4 17. Qd3 Qxa5 18. Qxe4 d5 19. Rxd5 Bxd5 20. Qxd5 Qe1+ 21. Ka2 O-O 22. Qe4 Qg3 23. Nb6 Rae8 24. Nd7 f5 25. Qd5+ Kh8 26. Nxf8 Qxe3 27. Ng6+ {1-0 Massironi,M (2139)-Frescura,D (2050) 54th Italian Teams GpA 2023 (3)}) 13. f4 Bxb3 14. cxb3 Qb7 15. Bd3 Be7 16. Kb1 exf4 17. Bxf4 Nc5 18. Bxd6 Bxd6 19. Bxb5+ axb5 20. Qxd6 Ne6 21. Nd5 Rh5 22. Rge1 Rd8 23. Nxf6+ gxf6 24. Qb4 Rxd1+ 25. Rxd1 Re5 26. Re1 Ng5 27. Ka2 Nxe4 28. Rd1 Qe7 29. Qa5 Kf8 30. Qa8+ Kg7 31. Rd8 f5 32. Rg8+ Kf6 33. Qc6+ Qd6 34. Qc1 Qd2 35. Qc6+ Re6 36. Qc8 b4 37. Qd8+ Qxd8 38. Rxd8 Rd6 39. Rb8 bxa3 40. bxa3 Rd2+ 41. Kb1 Rxg2 42. a4 f4 43. Rb4 Nc3+ 0-1

[Event "45th Olympiad 2024"]
[Site "Budapest HUN"]
[Date "2024.09.16"]
[Round "6.81"]
[Board "4"]
[White "Abdul Rahman Toronka"]
[Black "Hill, Jonathan"]
[Result "0-1"]
[WhiteElo "1557"]
[BlackElo "1756"]
[PlyCount "120"]
[EventDate "2024.09.11"]
[WhiteTeam "Sierra Leone"]
[BlackTeam "Guernsey"]
[WhiteTeamCountry "SIE"]

1. e4 c6 2. d4 d5 3. e5 e6 4. c3 c5 5. Nf3 Nc6 6. Be2 ({RR} 6. Bd3 Bd7 7. O-O Rc8 8. dxc5 Bxc5 9. Nbd2 Nge7 10. Nb3 Bb6 11. Re1 Ng6 12. Bg5 f6 13. exf6 gxf6 14. Bh6 Kf7 15. c4 Nce7 16. Rc1 dxc4 17. Rxc4 Rxc4 18. Bxc4 Nf5 19. Bd2 Re8 20. Bc3 Bc6 {1-0 Zhigalko,S (2572)-Melkumyan,H (2649) Titled Tuesday intern op 05th Apr Late blitz 2022 (10)}) ({RR} 6. Bd3 Bd7 7. O-O Rc8 8. dxc5 Bxc5 9. b4 Bb6 10. Re1 Nge7 11. h4 h6 12. h5 a6 13. a3 Qc7 14. Nbd2 Ba7 15. Bb2 b5 16. a4 bxa4 17. Qe2 Nb8 18. c4 Nbc6 19. Ba3 Qb6 20. c5 Qc7 {1-0 Scarsi,A (2073)-Romano,G (1795) Buenos Aires Masters 2024 (1.37)}) 6... h6 $146 ({RR} 6... cxd4 7. cxd4 Nge7 8. O-O Qb6 9. Nc3 Bd7 10. Na4 Qc7 11. Nc5 Nf5 12. Nb3 Be7 13. Bd3 O-O 14. g4 Nh4 15. Nxh4 Bxh4 16. g5 g6 17. Qg4 Nb4 18. Bb1 Bb5 19. Rd1 Nc2 20. Qxh4 Qc4 21. Bxc2 {1-0 Gonzalez,J-Ariznavarreta Alonso,E Asturias-chT 1998}) ({RR} 6... cxd4 7. cxd4 Nge7 8. Na3 a6 9. O-O Ng6 10. Nc2 Be7 11. Nfe1 O-O 12. f4 Bd7 13. g4 f5 14. Bd3 Nb4 15. Nxb4 Bxb4 16. Nc2 Ba5 17. gxf5 exf5 18. Qh5 Be6 19. Be3 Qh4 20. Qf3 Qe7 21. Kh1 {0-1 Ferrara,V (1382)-Langr,P (1538) World Corporate East C rapid 2021 (3.9)}) 7. Qc2 Bd7 8. Nbd2 Rc8 9. Nf1 cxd4 10. Qd3 dxc3 11. bxc3 Nge7 12. Bf4 Ng6 13. Bg3 Be7 14. Qe3 Nh4 15. Nxh4 Bxh4 16. Nd2 Bg5 17. Qd3 a6 18. Nf3 Be7 19. O-O Na5 20. Rfc1 Bb5 21. Qe3 Bc5 22. Bxb5+ axb5 23. Qe2 Nc4 24. Nd2 O-O 25. Nb3 Bb6 26. Nd4 Qd7 27. Rab1 Bxd4 28. cxd4 Na3 29. Rxc8 Rxc8 30. Rd1 Rc2 31. Rd2 Qc6 32. Rxc2 Qxc2 33. Qxc2 Nxc2 34. Bf4 Nxd4 35. Be3 Nc6 36. f4 Nb4 37. a3 Nc2 38. Bc5 Kh7 39. Kf1 Na1 40. Ke2 Nb3 41. Bb4 b6 42. Kd3 Nc5+ 43. Kd4 Nb3+ 44. Kc3 Nc5 45. Kd4 Nb7 46. Bd6 Kg6 47. g4 f5 48. h3 fxg4 49. hxg4 h5 50. gxh5+ Kxh5 51. f5 exf5 52. e6 Nxd6 53. Ke5 Ne8 54. Kxf5 d4 55. Ke4 d3 56. Kxd3 Kg5 57. Kc3 Kf6 58. Kb4 Nd6 59. a4 Kxe6 60. axb5 g5 0-1

[Event "45th Olympiad 2024"]
[Site "Budapest HUN"]
[Date "2024.09.16"]
[Round "6.82"]
[Board "1"]
[White "Stetsenko, Ilya"]
[Black "Bhakta Bahadur Monger"]
[Result "1-0"]
[WhiteElo "1903"]
[BlackElo "1911"]
[PlyCount "87"]
[EventDate "2024.09.11"]
[WhiteTeam "Aruba"]
[BlackTeam "Bhutan"]
[WhiteTeamCountry "ARN"]
[BlackTeamCountry "BTN"]

1. d4 Nf6 2. c4 e6 3. Nf3 Bb4+ 4. Bd2 Bxd2+ 5. Qxd2 O-O 6. Nc3 d5 7. e3 b6 8. cxd5 Nxd5 9. e4 ({RR} 9. Rc1 Bb7 10. Nxd5 Bxd5 11. Bd3 h6 12. Qc2 c5 13. dxc5 Nd7 14. e4 Bc6 15. cxb6 Rc8 16. bxa7 Qa5+ 17. Qc3 Qxa7 18. O-O Nf6 19. a3 Bxe4 20. Qxc8 Rxc8 21. Rxc8+ Kh7 22. Rd1 Bxd3 23. Rxd3 Qb7 {1-0 Le,Q (2728)-Carlsen,M (2859) Meltwater Tour Final 2022 (5.6)}) ({RR} 9. Be2 Bb7 10. O-O Nd7 11. Nxd5 Bxd5 12. b4 Qe7 13. Rfc1 Rfc8 14. Ba6 Rd8 15. Rxc7 Bxf3 16. gxf3 Qg5+ 17. Kh1 Qh5 18. Qe2 Nf6 19. a3 e5 20. Bc4 Rf8 21. d5 e4 22. fxe4 Qe5 23. Rd1 Qxc7 {1-0 Pham Le Thao Nguyen (2395)-Pogorelskikh,S (2176) Titled Tue 13th Aug Early 2024 (1)}) 9... Ne7 10. Bc4 $146 ({RR} 10. Be2 Bb7 11. O-O Nd7 12. Rfd1 Nf6 13. Qc2 Qc8 14. Nd2 c5 15. dxc5 Qxc5 16. Nb3 Qe5 17. f3 Rac8 18. Qd2 Ng6 19. g3 Qb8 20. Qe3 Qa8 21. Rd2 Ne5 22. Rad1 Nc4 23. Bxc4 Rxc4 24. Nb5 Ba6 {0-1 Wagner,R (1750)-Zwetz,J (1756) Bayernliga 1213 U20 2012 (5.4)}) 10... Ba6 11. Bxa6 Nxa6 12. O-O c5 13. Rfd1 cxd4 14. Qxd4 Qxd4 15. Rxd4 Rfd8 16. Rad1 Nc6 17. Rd6 Rxd6 18. Rxd6 Rc8 19. h3 h6 20. Nd4 Nxd4 21. Rxd4 Nb8 22. Nb5 a6 23. Na7 Re8 24. Rd6 b5 25. e5 Kf8 26. b4 g5 27. g3 Ke7 28. Nc6+ Nxc6 29. Rxc6 Ra8 30. Rc7+ Ke8 31. Rb7 Kf8 32. Rb6 a5 33. a3 axb4 34. axb4 Ra1+ 35. Kg2 Re1 36. Rxb5 Re4 37. Kf3 Rd4 38. Rb8+ Kg7 39. b5 h5 40. Ke3 Rb4 41. b6 f6 42. exf6+ Kxf6 43. b7 h4 44. Rf8+ 1-0

[Event "45th Olympiad 2024"]
[Site "Budapest HUN"]
[Date "2024.09.16"]
[Round "6.82"]
[Board "2"]
[White "Mahendra Gurung"]
[Black "Croes, Octavio"]
[Result "0-1"]
[WhiteElo "1725"]
[BlackElo "1850"]
[PlyCount "184"]
[EventDate "2024.09.11"]
[WhiteTeam "Bhutan"]
[BlackTeam "Aruba"]
[WhiteTeamCountry "BTN"]
[BlackTeamCountry "ARN"]

1. e4 c6 2. Nf3 d5 3. exd5 cxd5 4. d4 Nc6 5. c3 Bg4 6. h3 Bh5 7. Bf4 e6 8. Nbd2 Bd6 9. Bxd6 Qxd6 10. Bb5 $146 ({RR} 10. Bd3 Nge7 11. Nf1 a6 12. a4 Bxf3 13. Qxf3 e5 14. dxe5 Nxe5 15. Qe3 O-O 16. Nd2 Rad8 17. Nb3 Nc4 18. Bxc4 dxc4 19. Nd4 Nd5 20. Qc1 Rfe8+ 21. Kf1 Nf4 22. Qc2 Qd5 23. Rg1 Re4 24. f3 Re5 {0-1 Granados Gomez,M (2374)-Cuartas,J (2508) Catalunya-chT Final A+B 2020 (8.2)}) ({RR} 10. Be2 Nf6 11. O-O O-O 12. Re1 a6 13. b4 Rac8 14. Qb3 b5 15. a4 e5 16. dxe5 Nxe5 17. Nxe5 Qxe5 18. Bg4 Qxc3 19. Bxc8 Qxd2 20. Bxa6 Ne4 21. Qe3 Qxb4 22. Reb1 Qc4 23. Bxb5 Qc7 24. Rc1 Qa5 {1-0 Yang,N (1686)-Crete,M (1870) Canadian Open 2024 (5.57)}) ({RR} 10. Bd3 Nge7 11. O-O Bg6 12. Nb3 O-O 13. Re1 Bxd3 14. Qxd3 Ng6 15. Re3 Rab8 16. a4 Nf4 17. Qd2 Ng6 18. h4 Qf4 19. g3 Qg4 20. Nc5 Rfd8 21. Kh2 e5 22. dxe5 d4 23. cxd4 Nxd4 24. Nxd4 Nf4 {1-0 Santos Ruiz,M (2587)-Unuk,L (2296) PRO League Prelim 2023 (1.2)}) 10... Nf6 11. Qa4 O-O 12. O-O a6 13. Bxc6 bxc6 14. Ne5 c5 15. Rfe1 cxd4 16. Qxd4 Rab8 17. b3 Rfc8 18. Re3 a5 19. Rg3 Qc5 20. Qa4 Rc7 21. Re1 Bg6 22. Ree3 Rd8 23. Qh4 d4 24. Ne4 Qxe5 25. Rg5 Bf5 26. f4 Nxe4 27. fxe5 dxe3 28. Rxf5 Rd1+ 29. Rf1 e2 30. Re1 Rcd7 31. Kh2 g5 32. Qxe4 Rxe1 33. Kg3 h6 34. Qe3 Rdd1 35. c4 Ra1 36. Qd2 Kg7 37. c5 Rec1 38. Qxe2 Rxc5 39. Kg4 Rd5 40. g3 Rc1 41. h4 Rcc5 42. hxg5 hxg5 43. Qb2 Rxe5 44. a3 Kg6 45. b4 axb4 46. axb4 Rc4+ 47. Kh3 g4+ 48. Kg2 Rb5 49. Qh8 Rbxb4 50. Qg8+ Kf6 51. Qd8+ Ke5 52. Qg5+ f5 53. Qe3+ Kd5 54. Qd2+ Kc5 55. Kf2 Kb5 56. Qd7+ Rc6 57. Ke2 Rbc4 58. Qb7+ Rb6 59. Qd7+ Kb4 60. Kd2 Rbc6 61. Qb7+ Ka3 62. Qa7+ Ra4 63. Qd7 Rb6 64. Qe7+ Ka2 65. Qc5 Rb2+ 66. Kc1 Rab4 67. Qa7+ Kb3 68. Qe3+ Ka4 69. Qxe6 Rb1+ 70. Kc2 R4b2+ 71. Kc3 Rb3+ 72. Kc4 Rc1+ 73. Kd4 Rb4+ 74. Kd3 Rb3+ 75. Kd2 Rc5 76. Qa6+ Kb4 77. Qb6+ Kc4 78. Qe6+ Rd5+ 79. Kc2 Rxg3 80. Qe2+ Rgd3 81. Kc1 g3 82. Qa2+ Kd4 83. Qa7+ Ke4 84. Qe7+ Kf3 85. Qg5 Rd1+ 86. Kc2 f4 87. Qg7 g2 88. Qc3+ R5d3 89. Qc6+ Kf2 90. Qc5+ Rd4 91. Qg5 g1=Q 92. Qh4+ Qg3 0-1

[Event "45th Olympiad 2024"]
[Site "Budapest HUN"]
[Date "2024.09.16"]
[Round "6.83"]
[Board "2"]
[White "Righi, Ezio"]
[Black "Veer Gandhi"]
[Result "1-0"]
[WhiteElo "1909"]
[BlackElo "1792"]
[PlyCount "109"]
[EventDate "2024.09.11"]
[WhiteTeam "San Marino"]
[BlackTeam "Tanzania"]
[WhiteTeamCountry "SMR"]
[BlackTeamCountry "TAN"]

1. e4 c6 2. d4 d5 3. Nc3 dxe4 4. Nxe4 Nf6 5. Nxf6+ exf6 6. c3 Bd6 7. Bd3 O-O 8. Qc2 Re8+ 9. Ne2 h5 10. O-O h4 11. h3 Nd7 12. Be3 Nf8 13. c4 Be6 ({RR} 13... Bc7 14. Rad1 Qd6 15. Nf4 Bb8 16. Rfe1 Bd7 17. Kf1 Ne6 18. Bh7+ Kh8 19. Nxe6 Bxe6 20. Bf5 Qh2 21. Bxe6 Rxe6 22. d5 cxd5 23. cxd5 Re8 24. Rd4 Kg8 25. Rxh4 Qh1+ 26. Ke2 Rxe3+ 27. Kxe3 Qxe1+ 28. Kf3 {0-1 Vocaturo,D (2620)-Howell,D (2694) FIDE Chess.com Grand Swiss 2019 (3)}) 14. Nf4 $146 ({RR} 14. Rad1 Rc8 15. Rfe1 b5 16. c5 Bb8 17. b4 Bd7 18. Be4 Ne6 19. d5 cxd5 20. Rxd5 Qc7 21. Rh5 Qh2+ 22. Kf1 Ng5 23. Bh7+ Kf8 24. Bf5 Bc6 25. Nf4 g6 26. Rxh4 Bxf4 27. Rxf4 Qxg2+ 28. Ke2 {0-1 Boricha Yohan (1811)-Jani,K (2192) 61st World Juniors 2024 (5.50)}) ({RR} 14. Rad1 Rc8 15. Rfe1 Bb8 16. Nc3 Qc7 17. f4 Bd7 18. Qf2 f5 19. d5 Rxe3 20. Qxe3 Qxf4 21. Qxf4 Bxf4 22. Re7 g6 23. Bc2 cxd5 24. cxd5 Bd6 25. Re2 a6 26. Bb3 b5 27. Rc2 Re8 28. Ne2 a5 {½-½ Musyuk,L (2327)-Kochavi,O (2221) Petah Tikva Winter IM-A 2020 (5)}) 14... Qc7 15. Nxe6 Nxe6 16. d5 cxd5 17. cxd5 Qxc2 18. Bxc2 Nf4 19. Rfd1 Rac8 20. Ba4 Re4 21. Bb3 a6 22. Kf1 Ng6 23. Rac1 Ree8 24. Rc2 Rxc2 25. Bxc2 Ne7 26. Bb3 Nc8 27. a4 g6 28. Ba2 Ne7 29. Rc1 Rc8 30. Rxc8+ Nxc8 31. Ke2 Kf8 32. Kd3 Be5 33. b4 Ke7 34. Kc4 Kd7 35. f4 Bc7 36. Bb3 Nd6+ 37. Kd3 Ne8 38. Bc4 f5 39. b5 a5 40. b6 Bd6 41. Bb5+ Ke7 42. Bxe8 Kxe8 43. Kc4 Bb4 44. Bf2 Bd2 45. Bxh4 Bxf4 46. Be1 Be3 47. Bxa5 g5 48. Kd3 Bf2 49. Bd2 g4 50. a5 Kd7 51. hxg4 fxg4 52. Ke4 g3 53. Bf4 Kc8 54. Kf5 Be1 55. Kf6 1-0

[Event "45th Olympiad 2024"]
[Site "Budapest HUN"]
[Date "2024.09.16"]
[Round "6.83"]
[Board "4"]
[White "Piva, Michele"]
[Black "Henry Marwa Michael"]
[Result "1-0"]
[WhiteElo "1721"]
[BlackElo "1715"]
[PlyCount "91"]
[EventDate "2024.09.11"]
[WhiteTeam "San Marino"]
[BlackTeam "Tanzania"]
[WhiteTeamCountry "SMR"]
[BlackTeamCountry "TAN"]

1. d4 Nf6 2. c4 e6 3. Nc3 d5 4. Bf4 Bd6 5. e3 Bxf4 6. exf4 Qd6 $146 ({RR} 6... dxc4 7. Bxc4 O-O 8. Nf3 Nbd7 9. Qd3 Nb6 10. Bb3 Nbd5 11. O-O-O Nxf4 12. Qd2 N4d5 13. g4 b6 14. g5 Nxc3 15. gxf6 Ne4 16. Qf4 Nxf6 17. Rhg1 Bb7 18. Qh6 g6 19. Ng5 Qe7 20. Rg4 Rfd8 21. Rf4 {1-0 Hettstedt,J-Schuster,M (2223) Oberliga Ost-A 0607 2006 (8.2)}) ({RR} 6... O-O 7. Nf3 b6 8. cxd5 Nxd5 9. Nxd5 Qxd5 10. Bd3 Bb7 11. Rc1 Nc6 12. O-O Nxd4 13. Bxh7+ Kxh7 14. Qxd4 Qxd4 15. Nxd4 c5 16. Nb5 Rfd8 17. Rfd1 a6 18. Nd6 Rd7 19. Nxb7 Rxb7 20. Rd6 Kg6 21. f3 {½-½ Jobava,B (2582)-Bluebaum,M (2639) Speed Chess GP2 blitz 2021 (9)}) ({RR} 6... dxc4 7. Bxc4 O-O 8. Nf3 b6 9. O-O Bb7 10. Ne5 Nc6 11. Ne2 Nxe5 12. fxe5 Nd5 13. Nc3 Rc8 14. Nxd5 Bxd5 15. Bd3 Qd7 16. f4 Rfd8 17. f5 Bb7 18. Rf4 Qd5 19. Be4 Qxd4+ 20. Qxd4 Rxd4 21. Bxb7 {½-½ Blokhin,S (2056)-Zacurdajev,D (2273) Titled Tue 7th Mar Early 2023 (3)}) ({RR} 6... b6 7. Nf3 Ba6 8. Ne5 O-O 9. Bd3 Qd6 10. O-O Nc6 11. a3 Nxd4 12. cxd5 Bxd3 13. Qxd3 Nb3 14. Nb5 Qxd5 15. Qxd5 Nxd5 16. Rad1 a6 17. Nd4 Nxd4 18. Rxd4 c5 19. Re4 f5 20. Re2 Nxf4 21. Rd2 {½-½ Maximo dos Santos,P-De Oliveira,J Rio Branco Acre op 2017 (7)}) 7. g3 c5 8. Nf3 O-O 9. dxc5 Qxc5 10. Qd4 Qxd4 11. Nxd4 a6 12. Be2 dxc4 13. Bxc4 Rd8 14. Rd1 b5 15. Be2 Bb7 16. O-O Ne4 17. Ndxb5 Nc6 18. Nxe4 axb5 19. Nc5 Nd4 20. Nxb7 Nxe2+ 21. Kg2 Rd5 22. Rxd5 exd5 23. a3 Rb8 24. Nd6 Rb6 25. Nf5 Re6 26. Rd1 g6 27. Ne3 d4 28. Nc2 Rc6 29. Nxd4 Nxd4 30. Rxd4 Rc2 31. Rb4 Rc5 32. Kf3 Kf8 33. Rb3 Ke7 34. Rc3 Kd6 35. Ke3 Rd5 36. Rd3 Kc5 37. Rxd5+ Kxd5 38. Kd3 Kc5 39. b3 Kd5 40. g4 f6 41. f3 f5 42. h3 h5 43. a4 Kc5 44. axb5 Kxb5 45. Kc3 Kc5 46. b4+ 1-0

[Event "45th Olympiad 2024"]
[Site "Budapest HUN"]
[Date "2024.09.16"]
[Round "6.84"]
[Board "3"]
[White "Whyms, Chapell"]
[Black "Hussain, Nimal"]
[Result "1/2-1/2"]
[WhiteElo "1701"]
[BlackElo "1805"]
[PlyCount "157"]
[EventDate "2024.09.11"]
[WhiteTeam "Bahamas"]
[BlackTeam "Maldives"]
[WhiteTeamCountry "BAH"]
[BlackTeamCountry "MDV"]

1. d4 Nf6 2. c4 d5 3. cxd5 Nxd5 4. e4 Nf6 5. Nc3 e6 6. Nf3 c5 7. Bg5 ({RR} 7. e5 Nfd7 {1-0 Henrichs,T (2491)-Dolzhikova,O (2256) Aegean op 31st 2008 (4)}) 7... h6 ({RR} 7... Be7 8. dxc5 Bd7 9. Bc4 h6 10. Be3 Nc6 11. a3 Ng4 12. Qe2 Nxe3 13. Qxe3 Qa5 14. O-O Qxc5 15. Qxc5 Bxc5 16. Rfd1 a6 17. b4 Bb6 18. Rac1 Ke7 19. Na4 Ba7 20. Bb3 Rhd8 21. Nc5 Bxc5 22. Rxc5 {½-½ Rocha,C-Batista,F (1971) Sao Luis Franklin Memorial 29th 2022 (4)}) 8. Be3 $146 ({RR} 8. Bxf6 Qxf6 9. Bb5+ Bd7 10. O-O a6 11. e5 Qd8 12. Ba4 b5 13. Bc2 Bc6 14. Be4 b4 15. Bxc6+ Nxc6 16. Ne2 Be7 17. Qa4 Qb6 18. Rac1 O-O 19. Rfd1 Rfd8 20. Qc2 Nxd4 21. Nfxd4 cxd4 22. Qc7 Qxc7 {0-1 Kramarik,A-Kukla,B Stary Smokovec op 1996}) ({RR} 8. Bh4 g5 9. Bg3 a6 10. dxc5 Qxd1+ 11. Rxd1 Bxc5 12. a3 Nc6 13. b4 Be7 14. Na4 O-O 15. Nb6 Ra7 16. e5 Ne4 17. h3 Nxb4 18. Nxc8 Rxc8 19. Rd7 Nc2+ 20. Kd1 Bxa3 21. Bd3 Nxg3 22. fxg3 Ne3+ {1-0 Kull,F (2095)-Mueller,K Hannover-ch op 2000 (1)}) 8... cxd4 9. Nxd4 Be7 10. Bc4 O-O 11. e5 Nfd7 12. f4 Qc7 13. Be2 a6 14. Rc1 Nc6 15. Nxc6 bxc6 16. O-O Rd8 17. Qc2 Bb7 18. Na4 Rac8 19. Bf3 c5 20. Bxb7 Qxb7 21. b3 Rc6 22. Nb2 Rdc8 23. Nc4 Qb5 24. Qe4 Nb6 25. Nxb6 Qxb6 26. Rc4 a5 27. Rfc1 Qb5 28. Kf2 R8c7 29. g3 Qb8 30. Ra4 Qb5 31. Rcc4 Rd7 32. Ke1 Rc8 33. Rc1 Rcd8 34. Rac4 Rc8 35. Qc2 Rdc7 36. Qb2 Qc6 37. Kf2 Qb5 38. Qa3 Kf8 39. Bd2 Ra8 40. R1c2 Ra6 41. Qc1 Rac6 42. Qe1 Ra6 43. Qe4 Kg8 44. b4 axb4 45. Bxb4 Rac6 46. Kg2 Rc8 47. a4 Qa6 48. a5 Bd8 49. Bd2 Be7 50. Qe3 Qb5 51. Qa3 Ra6 52. Kh3 Qb1 53. Qc1 Qxc1 54. Rxc1 Rca8 55. Ra1 Rd8 56. Ra2 Rda8 57. Be1 h5 58. Kg2 Kf8 59. Kf3 Ke8 60. Ke4 Rd8 61. Rb2 Rd7 62. Rb8+ Rd8 63. Rxd8+ Kxd8 64. Kd3 Kc7 65. Ra4 Kc6 66. Kc4 Bd8 67. Bf2 Rxa5 68. Rxa5 Bxa5 69. Bxc5 Be1 70. Bf8 g6 71. Be7 Bf2 72. Bh4 Bg1 73. h3 Bf2 74. Kd3 Kd5 75. Ke2 Bg1 76. Kf3 Kd4 77. Bf6 Be3 78. Bg5 Bc1 79. Bf6 1/2-1/2

[Event "45th Olympiad 2024"]
[Site "Budapest HUN"]
[Date "2024.09.16"]
[Round "6.85"]
[Board "2"]
[White "Young, Christopher"]
[Black "Drayton, Anthony"]
[Result "1-0"]
[WhiteElo "1758"]
[BlackElo "1964"]
[PlyCount "120"]
[EventDate "2024.09.11"]
[WhiteTeam "Cayman Islands"]
[BlackTeam "Guyana"]
[WhiteTeamCountry "CAY"]
[BlackTeamCountry "GUY"]

1. d4 d5 2. c4 e6 3. Nc3 Nf6 4. Nf3 Bb4 5. e3 O-O 6. Bd3 dxc4 7. Bxc4 c5 8. a3 Bxc3+ 9. bxc3 Qa5 10. Bd2 Qc7 ({RR} 10... Bd7 11. O-O Bb5 12. Bxb5 Qxb5 13. Rb1 Qa6 14. Qb3 b6 15. c4 Nbd7 16. Rfd1 Rac8 17. Rbc1 Rc7 18. d5 exd5 19. cxd5 c4 20. Qb1 Nxd5 21. e4 Ne7 22. Bf4 Rb7 23. Bd6 Re8 24. e5 Nc5 25. Bxc5 {1-0 Eljanov,P (2705)-Keymer,V (2700) ChessKid Play-In Match 2023 (1.1)}) ({RR} 10... Ne4 11. O-O Nxd2 12. Qxd2 Nd7 13. Rfb1 Qc7 14. Rc1 Rd8 15. a4 b6 16. a5 Bb7 17. Be2 h6 18. h3 Bc6 19. axb6 axb6 20. Qb2 Qb7 21. Ne1 Rxa1 22. Rxa1 Ra8 23. Bf3 Rxa1 24. Qxa1 cxd4 25. exd4 {½-½ Grebnev,A (2539)-Martirosyan,H (2681) Aeroflot Open A 2024 (8.3)}) 11. Qe2 Nbd7 12. O-O e5 $146 ({RR} 12... Ne4 13. Bd3 Ndf6 14. Rfc1 Nxd2 15. Qxd2 b6 16. e4 Bb7 17. Re1 Rac8 18. Rac1 cxd4 19. cxd4 Qe7 20. e5 Nd5 21. Ng5 h6 22. Ne4 Rxc1 23. Rxc1 Qxa3 24. Nd6 Ba8 25. h4 a5 26. Bb1 f5 27. Ba2 {0-1 Manea,A (2396)-Martian,D (2262) Arad op 9th 2016 (9)}) 13. dxe5 Nxe5 14. Nxe5 Qxe5 15. f3 Be6 16. e4 Rad8 17. Rad1 b6 18. Rfe1 Bxc4 19. Qxc4 Rd7 20. Qa4 Rfd8 21. Qc2 c4 22. Be3 Qe7 23. a4 Ne8 24. Rd4 Rxd4 25. Bxd4 Nc7 26. Qe2 Qe6 27. f4 Qc6 28. f5 f6 29. e5 fxe5 30. Qxe5 Qd7 31. Qg3 Re8 32. Rf1 Qf7 33. h4 Rf8 34. h5 Nd5 35. f6 h6 36. Rf3 Re8 37. Rf5 Nc7 38. Rf1 Ne6 39. fxg7 Qxh5 40. Rf8+ Rxf8 41. gxf8=Q+ Kxf8 42. Qd6+ Ke8 43. Qxe6+ Kd8 44. Bf6+ Kc7 45. Qxc4+ Kb7 46. Qe4+ Ka6 47. Qc4+ Kb7 48. Qd4 Qf5 49. c4 Ka6 50. Be7 Qb1+ 51. Kh2 Qe1 52. Bd8 Qe8 53. c5 Qh5+ 54. Kg1 Qxc5 55. Qxc5 bxc5 56. g4 Kb7 57. Kf2 Kc6 58. Ke3 Kd5 59. Bf6 Kc4 60. Bg7 Kb4 1-0